000 01212nam0a22002891 4500
001 rc\38072
005 20250620154614.0
035 _a(NLR Aleph) 005320817
090 _a6486366
_c6486366
100 _a20021216d1992 |||y0rusy50 ca
101 0 _arus
102 _aRU
105 _aa |||||||||
200 1 _aМолекулярно-динамическое моделирование процессов столкновения двумерных кластеров
_fИ.В. Казакова, В.Ф. Анисичкин, Г.В. Гадияк
210 _aНовосибирск
_cИТПМ
_d1992
215 _a38 с.
_cил.
_d19
225 1 _aПрепринт
_fРос. акад. наук. Сиб. отд-ние. Ин-т теорет. и прикл. механики
_v№ 15-92
300 _aРез. на англ. яз.
320 _aБиблиогр.: с. 36-38
700 1 _aКазакова
_bИ.В.
_gИрина Васильевна
701 1 _aАнисичкин
_bВ.Ф.
_gВладимир Федорович
701 1 _aГадияк
_bГ.В.
_gГригорий Васильевич
801 0 _aRU
_bNLR
_gpsbo
801 1 _aRU
_bELAR
_2rusmarc
852 _aNLR
_j93-4/2226
942 _cBOOK
980 _aNB